| 000 | 00514nam a2200133 4500 | ||
|---|---|---|---|
| 999 |
_c16810 _d16810 |
||
| 008 | 180410b ||||| |||| 00| 0 eng d | ||
| 082 | _aDPer 050 Dec 2015-Mar 2016 T48 v186-187 | ||
| 100 |
_aZacharek, Stephanie. _944968 |
||
| 245 |
_aHorses, spuds and warriors: _bwhat this year's Oscars says about America/ _cStephanie Zacharek. |
||
| 260 |
_aNew York: _bTime Inc., _c©Dec 2015-Mar 2016. |
||
| 300 |
_av187 n6-7, pages 85-87: _billustrations; _c27 cm. |
||
| 650 |
_aMotion pictures. _927173 |
||
| 942 |
_2ddc _cPER |
||